000 00706nam a2200289Ia 4500
005 20260324135905.0
008 008 260324s9999 xx 000 0 eng d
020 _a9781315781549
037 _aEBOOK
040 _aCRL
040 _beng
040 _cCRL
041 _2eng
041 _aeng
084 _qCRL
100 _aDonald R. Rye; Rozanne Sparks
_91202307
245 0 _aStrengthening K-12 School Counselling Programs
245 2 _bA Support System Approach
260 _bTaylor and Francis
260 _c1999
365 _a
365 _b135
856 _uhttp://www.taylorfrancis.com/books/9781315781549
942 _cEBOOK
999 _c1803844
_d1803844